Environment and Water Resource Management (Record no. 322)

000 -LEADER
fixed length control field 00338 a2200121 4500
020 ## - INTERNATIONAL STANDARD BOOK NUMBER
International Standard Book Number 8189161474
082 ## - DEWEY DECIMAL CLASSIFICATION NUMBER
Classification number 333.9115 SIN
100 ## - MAIN ENTRY--PERSONAL NAME
Personal name Singh, A. K.
245 ## - TITLE STATEMENT
Title Environment and Water Resource Management
Statement of responsibility, etc. A. K. Singh
250 ## - EDITION STATEMENT
Edition statement 1st ed.
260 ## - PUBLICATION, DISTRIBUTION, ETC.
Place of publication, distribution, etc. Delhi :
Name of publisher, distributor, etc. Adhyayan Publishers and Distributers
Date of publication, distribution, etc. 2006
300 ## - PHYSICAL DESCRIPTION
Extent 324p. :
Dimensions 23 cm
650 ## - SUBJECT ADDED ENTRY--TOPICAL TERM
Topical term or geographic name entry element Water Management
Holdings
Withdrawn status Lost status Damaged status Not for loan Permanent Location Current Location Shelving location Date acquired Total Checkouts Full call number Barcode Date last seen Price effective from Koha item type
        School of Civil and Environmental Engineering (SCEE) School of Civil and Environmental Engineering (SCEE)       333.9115 SIN NIT-3746 01/05/2017 01/05/2017 Book
© 2023 Central Library, National University of Sciences and Technology. All Rights Reserved.